000
00454nam a2200181Ia 4500
008
100917s9999 xx 000 0 und d
082
_b
52777
100
_a
प्रभु प्रकाश
245
_a
पालखी
260
_b
मंदार प्रकाशन
_c
1982
300
_a
124
365
_b
10
520
_a
कथा
630
_a
पालखी
650
_a
कथा
730
_a
पालखी
942
_c
BOOK
999
_c
658171
_d
658168